[Event "LTU ch Semifinal 2021"]
[Site "Kaunas"]
[Date "2021.09.24"]
[Round "1"]
[Board "1"]
[White "Bagdanskis, Dangis"]
[Black "Vedrickas, Tautvydas"]
[Result "1/2-1/2"]
[WhiteElo "1893"]
[BlackElo "2359"]
[PlyCount "50"]
[EventDate "2021.09.24"]
[EventRounds "8"]
[EventCountry "LTU"]

1. d4 Nf6 2. c3 b6 3. Bg5 Bb7 4. Nd2 c5 5. dxc5 bxc5 6. Ngf3 d5 7. Bxf6 exf6 8.
e4 Be7 9. Bb5+ Kf8 10. exd5 Bxd5 11. Qe2 g6 12. Rd1 Qc7 13. Nc4 Bb7 14. O-O Kg7
15. Rfe1 Rd8 16. Rxd8 Bxd8 17. Qd2 Be7 18. Ne3 Qf4 19. Nf5+ Qxf5 20. Rxe7 Bd5
21. Bd3 Qh5 22. Be2 Qf5 23. Bd3 Qh5 24. Be2 Qf5 25. Bd3 Qh5  1/2-1/2

[Event "LTU ch Semifinal 2021"]
[Site "Kaunas"]
[Date "2021.09.24"]
[Round "1"]
[Board "2"]
[White "Stremavicius, Pijus"]
[Black "Morkunas, Gustas"]
[Result "1-0"]
[WhiteElo "2253"]
[BlackElo "1885"]
[PlyCount "101"]
[EventDate "2021.09.24"]
[EventRounds "8"]
[EventCountry "LTU"]

1. d4 Nf6 2. Nf3 g6 3. Nc3 d5 4. Bf4 Bg7 5. e3 O-O 6. Be2 c5 7. O-O cxd4 8.
Nxd4 Nc6 9. Bf3 Re8 10. Nxc6 bxc6 11. Be5 Bf5 12. Re1 Qa5 13. Rb1 Red8 14. b4
Qa3 15. Qe2 Bc8 16. Rb3 Qa6 17. Qd3 Qb7 18. Qd4 Bf5 19. Rc1 Ne8 20. Bxg7 Nxg7
21. Na4 Qc7 22. Nc5 e5 23. Qh4 Ne6 24. Rc3 Nxc5 25. Rxc5 Qb6 26. a3 Kg7 27. c4
Be6 28. Bg4 Bxg4 29. Qxg4 a5 30. cxd5 cxd5 31. b5 Qd6 32. a4 d4 33. Qe4 dxe3
34. fxe3 Re8 35. Rd5 Qa3 36. Rc6 Qa1+ 37. Kf2 Qb2+ 38. Kg3 Qa1 39. Rc7 h5 40.
Rdd7 Rf8 41. Kh3 Rae8 42. Qc4 Qe1 43. Rxf7+ Kh6 44. Qe4 Rxf7 45. Rxf7 Re6 46.
g3 Qe2 47. Rf8 Kg5 48. Qf3 Qd2 49. Qf7 Qd6 50. e4 Re7 51. Qf2  1-0

[Event "LTU ch Semifinal 2021"]
[Site "Kaunas"]
[Date "2021.09.24"]
[Round "1"]
[Board "3"]
[White "Zilakauskis, Steponas"]
[Black "Salna, Aleksandras"]
[Result "0-1"]
[WhiteElo "1773"]
[BlackElo "2230"]
[PlyCount "90"]
[EventDate "2021.09.24"]
[EventRounds "8"]
[EventCountry "LTU"]

1. d4 d5 2. c4 c6 3. cxd5 cxd5 4. Bg5 f6 5. Bh4 Nh6 6. e3 Nf5 7. Bg3 Nc6 8. Nc3
h5 9. Bd3 e5 10. dxe5 fxe5 11. Qa4 Bd6 12. Nxd5 h4 13. O-O-O hxg3 14. Qg4 Qd7
15. Bxf5 Qxf5 16. Qxg7 Rf8 17. hxg3 Be6 18. Rh8 O-O-O 19. g4 Qxg4 20. Qxg4 Bxg4
21. Rxf8 Bxf8 22. Rd2 Be6 23. Nc3 Rxd2 24. Kxd2 Bb4 25. a3 Be7 26. b4 a5 27. b5
Nb8 28. a4 Bb3 29. Kc1 Ba3+ 30. Kb1 Nd7 31. Nf3 Bb4 32. Kb2 Be6 33. Ng5 Bc4 34.
Nge4 Nb6 35. g4 Kd7 36. f4 Bd3 37. Kb3 Nc4 38. Nf6+ Ke6 39. fxe5 Nxe3 40. g5
Kxe5 41. Nd7+ Ke6 42. Nb6 Bc5 43. Na8 Bc4+ 44. Kb2 Bd4 45. Nc7+ Kd7  0-1

[Event "LTU ch Semifinal 2021"]
[Site "Kaunas"]
[Date "2021.09.24"]
[Round "1"]
[Board "4"]
[White "Indriunas, Matas"]
[Black "Slusnys, Evaldas"]
[Result "1-0"]
[WhiteElo "2205"]
[BlackElo "1747"]
[PlyCount "43"]
[EventDate "2021.09.24"]
[EventRounds "8"]
[EventCountry "LTU"]

1. e4 c6 2. d4 d6 3. Nc3 Nf6 4. f4 Qa5 5. Bd3 e5 6. dxe5 Bg4 7. Be2 Bxe2 8.
Qxe2 dxe5 9. fxe5 Qxe5 10. Nf3 Qa5 11. Bd2 Bb4 12. a3 O-O 13. O-O-O Be7 14. Nd5
Qd8 15. Nxf6+ Bxf6 16. Bc3 Qe7 17. e5 g6 18. Qf2 Bg7 19. Bb4 Qe6 20. Bxf8 Bxf8
21. Rd8 Kg7 22. Ng5  1-0

[Event "LTU ch Semifinal 2021"]
[Site "Kaunas"]
[Date "2021.09.24"]
[Round "1"]
[Board "5"]
[White "Povilaitis, Matas"]
[Black "Steponavicius, Stasys"]
[Result "0-1"]
[WhiteElo "1720"]
[BlackElo "2194"]
[PlyCount "62"]
[EventDate "2021.09.24"]
[EventRounds "8"]
[EventCountry "LTU"]

1. d4 Nf6 2. c4 e6 3. Nc3 Bb4 4. Bd2 O-O 5. Nf3 d5 6. e3 a6 7. Qc2 c5 8. dxc5
Bxc5 9. cxd5 exd5 10. Ne2 Bb6 11. Ned4 Bg4 12. Bd3 Nbd7 13. Bb4 Re8 14. O-O Rc8
15. Qb3 Nc5 16. Bxc5 Rxc5 17. Rac1 Qc7 18. Rxc5 Qxc5 19. h3 Bd7 20. Ne2 Ne4 21.
Rc1 Qd6 22. Ned4 h6 23. Bxe4 dxe4 24. Nd2 Bxd4 25. Nc4 Qc7 26. exd4 b5 27. Qb4
bxc4 28. Rxc4 Qb8 29. Qa5 Qxb2 30. Rb4 Qc1+ 31. Kh2 Qf4+  0-1

[Event "LTU ch Semifinal 2021"]
[Site "Kaunas"]
[Date "2021.09.24"]
[Round "1"]
[Board "6"]
[White "Juknis, Paulius"]
[Black "Misiuk, Martynas"]
[Result "1-0"]
[WhiteElo "2173"]
[BlackElo "1657"]
[PlyCount "101"]
[EventDate "2021.09.24"]
[EventRounds "8"]
[EventCountry "LTU"]

1. e4 c5 2. Nc3 g6 3. d4 cxd4 4. Qxd4 Nf6 5. Nf3 Nc6 6. Qa4 d6 7. e5 dxe5 8.
Nxe5 Bd7 9. Nxd7 Qxd7 10. Be3 Bg7 11. Rd1 Qf5 12. Bd3 Qh5 13. Be2 Qe5 14. Qb5
Qxb5 15. Nxb5 O-O 16. c3 Rfd8 17. Rxd8+ Rxd8 18. Bf3 Ne5 19. Bxb7 Nc4 20. Bxa7
Nxb2 21. Ke2 Bh6 22. Rb1 Rd2+ 23. Kf1 Nc4 24. Ra1 Rb2 25. a4 Na5 26. Ba8 Nb3
27. Ra3 Bc1 28. Nd4 Nd2+ 29. Ke1 Nb1 30. Rb3 Nxc3 31. Rxb2 Bxb2 32. a5 Ncd5 33.
Nb5 Nb4 34. Ke2 Nd7 35. Bb7 Be5 36. a6 Nb8 37. Bxb8 Bxb8 38. a7 Bxa7 39. Nxa7
Kg7 40. Nc6 Nxc6 41. Bxc6 h6 42. Ke3 g5 43. Ke4 Kf6 44. g4 Ke6 45. Be8 Kf6 46.
Bd7 Kg6 47. Be8 Kf6 48. Kd5 e6+ 49. Kd6 Kg7 50. Ke7 f5 51. Kxe6  1-0

[Event "LTU ch Semifinal 2021"]
[Site "Kaunas"]
[Date "2021.09.24"]
[Round "1"]
[Board "7"]
[White "Vaiciunas, Giedrius"]
[Black "Kalvaitis, Sigitas"]
[Result "0-1"]
[WhiteElo "1553"]
[BlackElo "2171"]
[PlyCount "116"]
[EventDate "2021.09.24"]
[EventRounds "8"]
[EventCountry "LTU"]

1. d4 Nf6 2. c4 e6 3. Nc3 d5 4. cxd5 Nxd5 5. e4 Nxc3 6. bxc3 c5 7. Nf3 cxd4 8.
cxd4 Bb4+ 9. Bd2 Bxd2+ 10. Qxd2 O-O 11. Be2 b6 12. O-O Bb7 13. Qe3 Nd7 14. h3
Qe7 15. Rac1 Rac8 16. Nd2 Nf6 17. f3 e5 18. d5 Nh5 19. Nb3 Nf4 20. g3 Qg5 21.
Kh2 Nxh3 22. Qxg5 Nxg5 23. Nd2 f5 24. d6 fxe4 25. Bc4+ Kh8 26. fxe4 Rfd8 27.
Bd5 Rxc1 28. Rxc1 Bxd5 29. exd5 Kg8 30. Nc4 Nf7 31. Rd1 b5 32. Na5 Nxd6 33. Nc6
Re8 34. Nxa7 Ra8 35. Nc6 Rxa2+ 36. Kh3 e4 37. Rf1 h6 38. Ne5 Kh7 39. Nd7 h5 40.
g4 hxg4+ 41. Kxg4 Rd2 42. Nf8+ Kg8 43. Ne6 Rxd5 44. Rf8+ Kh7 45. Rd8 e3 46.
Nf8+ Kh6 47. Ne6 g5 48. Rh8+ Kg6 49. Rh1 Nc4 50. Rf1 Re5 51. Nf8+ Kg7 52. Nd7
Re7 53. Nc5 e2 54. Re1 Ne3+ 55. Kxg5 Nc2 56. Nd3 Nxe1 57. Nxe1 Rf7 58. Nd3 Rf1
 0-1

[Event "LTU ch Semifinal 2021"]
[Site "Kaunas"]
[Date "2021.09.24"]
[Round "1"]
[Board "8"]
[White "Eigminas, Kipras"]
[Black "Barsciauskas, Gintautas"]
[Result "1-0"]
[WhiteElo "2140"]
[BlackElo "1544"]
[PlyCount "101"]
[EventDate "2021.09.24"]
[EventRounds "8"]
[EventCountry "LTU"]

1. e4 e6 2. d4 d5 3. Nc3 Nf6 4. e5 Nfd7 5. f4 c5 6. Nf3 Nc6 7. Be3 Qb6 8. Na4
Qa5+ 9. c3 cxd4 10. b4 Nxb4 11. cxb4 Bxb4+ 12. Bd2 b5 13. Nb2 Nc5 14. Nd3 Bxd2+
15. Qxd2 Qxd2+ 16. Nxd2 Ne4 17. Nxe4 dxe4 18. Nc5 a6 19. Rd1 Ke7 20. Rxd4 Ra7
21. Nxe4 Bb7 22. Bd3 Bd5 23. Nc3 Bc6 24. Kd2 Rb8 25. Rb1 Rc8 26. g4 h6 27. Rc1
Bd7 28. Ne4 Rxc1 29. Kxc1 a5 30. a3 Bc6 31. Nd6 Rc7 32. Kd2 Bd7 33. Nxb5 Rc5
34. Nd6 f6 35. exf6+ gxf6 36. Nb7 Rc7 37. Nxa5 Ra7 38. Nc4 Bb5 39. Nb2 e5 40.
fxe5 fxe5 41. Rd5 Bd7 42. Rxe5+ Kf6 43. Rh5 Kg7 44. g5 hxg5 45. Rxg5+ Kf6 46.
Rg6+ Kf7 47. Nc4 Kf8 48. Ne5 Be8 49. Ra6 Re7 50. Ng6+ Bxg6 51. Rxg6  1-0

[Event "LTU ch Semifinal 2021"]
[Site "Kaunas"]
[Date "2021.09.24"]
[Round "1"]
[Board "9"]
[White "Vazgauskas, Povilas"]
[Black "Greicius, Pijus"]
[Result "0-1"]
[WhiteElo "1532"]
[BlackElo "2080"]
[PlyCount "70"]
[EventDate "2021.09.24"]
[EventRounds "8"]
[EventCountry "LTU"]

1. e4 e5 2. Nf3 Nc6 3. Bb5 a6 4. Ba4 Nf6 5. O-O Be7 6. Bxc6 dxc6 7. Nxe5 Nxe4
8. d3 Nd6 9. Qf3 Be6 10. Qg3 Nf5 11. Qf3 Nd4 12. Qd1 Qd5 13. Re1 O-O-O 14. Nxf7
Bxf7 15. Rxe7 Rhe8 16. Nc3 Qf5 17. Rxe8 Rxe8 18. Be3 Bh5 19. Qxh5 Qxh5 20. Bxd4
Qg4 21. Be3 Qb4 22. Rb1 b6 23. d4 Qc4 24. a3 b5 25. g3 a5 26. Rc1 h6 27. Kg2 g5
28. h3 h5 29. d5 b4 30. axb4 axb4 31. Nd1 Qxd5+ 32. Kh2 h4 33. g4 Qf3 34. Bxg5
Re1 35. Bxh4 Rh1#  0-1

[Event "LTU ch Semifinal 2021"]
[Site "Kaunas"]
[Date "2021.09.24"]
[Round "1"]
[Board "10"]
[White "Pidluznij, Gleb"]
[Black "Plutaite, Ausra"]
[Result "1-0"]
[WhiteElo "2008"]
[BlackElo "1472"]
[PlyCount "61"]
[EventDate "2021.09.24"]
[EventRounds "8"]
[EventCountry "LTU"]

1. d4 e6 2. Bf4 c5 3. c3 cxd4 4. cxd4 Bb4+ 5. Nd2 Nf6 6. Ngf3 O-O 7. e3 d6 8.
Be2 Nc6 9. O-O Bxd2 10. Qxd2 Qc7 11. Rac1 Qe7 12. Rfd1 e5 13. Bg5 Be6 14. d5
Bxd5 15. Bxf6 Qxf6 16. Qxd5 Rad8 17. a3 Rfe8 18. b4 e4 19. Nd4 Nxd4 20. Qxd4
Qg5 21. Qxa7 Qe5 22. Qxb7 Qb2 23. Bc4 Rf8 24. Qxe4 Qxa3 25. Rb1 Kh8 26. b5 Rb8
27. Qd4 Qa4 28. Bd5 Qa5 29. b6 Rfe8 30. Bxf7 Re7 31. Qxd6  1-0

[Event "LTU ch Semifinal 2021"]
[Site "Kaunas"]
[Date "2021.09.24"]
[Round "1"]
[Board "11"]
[White "Raugevicius, Matas"]
[Black "Grybas, Gintaras"]
[Result "1-0"]
[WhiteElo "1398"]
[BlackElo "2007"]
[PlyCount "97"]
[EventDate "2021.09.24"]
[EventRounds "8"]
[EventCountry "LTU"]

1. e4 c6 2. d4 d5 3. e5 Bf5 4. Nc3 e6 5. g4 Bg6 6. Nge2 c5 7. h4 h6 8. Nf4 Bh7
9. Bb5+ Nc6 10. Be3 cxd4 11. Qxd4 Nge7 12. g5 a6 13. Bxc6+ Nxc6 14. Qd1 hxg5
15. hxg5 Bxc2 16. Rxh8 Bxd1 17. Bc5 Qxg5 18. Rxf8+ Kd7 19. Rxf7+ Ke8 20. Rf8+
Kd7 21. Rxa8 Qxf4 22. Rxd1 Qxe5+ 23. Be3 Kc7 24. Ne2 Qxb2 25. Nd4 e5 26. Nxc6
Kxc6 27. Rc1+ Kd6 28. Rac8 d4 29. Bd2 Qxa2 30. R8c7 Qd5 31. Bb4+ Ke6 32. Re7+
Kf6 33. Rcc7 Qh1+ 34. Kd2 Qf1 35. Rf7+ Ke6 36. Rfe7+ Kf5 37. Rf7+ Kg4 38. Rc1
Qb5 39. Rg1+ Kh5 40. Rfxg7 Qxb4+ 41. Kd3 Qc3+ 42. Ke4 Qc2+ 43. Kf3 Qd3+ 44. Kg2
Kh6 45. Rg3 Qe4+ 46. f3 Qc2+ 47. Kh1 Qf5 48. R1g2 Qh3+ 49. Rxh3#  1-0

[Event "LTU ch Semifinal 2021"]
[Site "Kaunas"]
[Date "2021.09.24"]
[Round "1"]
[Board "12"]
[White "Aleknavicius, Andrius"]
[Black "Berginas, Sigitas"]
[Result "1-0"]
[WhiteElo "1989"]
[BlackElo "1380"]
[PlyCount "37"]
[EventDate "2021.09.24"]
[EventRounds "8"]
[EventCountry "LTU"]

1. d4 d5 2. Bf4 e6 3. e3 b6 4. Nf3 Bd6 5. Ne5 Bxe5 6. Bxe5 Nf6 7. Bd3 Ba6 8.
Bxa6 Nxa6 9. O-O c5 10. c3 O-O 11. Nd2 Qd7 12. Bxf6 gxf6 13. Qg4+ Kh8 14. Qh4
Qd8 15. f4 Rg8 16. f5 e5 17. Rf3 e4 18. Rh3 Rg7 19. Nf1  1-0

[Event "LTU ch Semifinal 2021"]
[Site "Kaunas"]
[Date "2021.09.24"]
[Round "1"]
[Board "13"]
[White "Bosikis, Titas"]
[Black "Narmontas, Raimondas"]
[Result "1/2-1/2"]
[WhiteElo "1373"]
[BlackElo "1983"]
[PlyCount "64"]
[EventDate "2021.09.24"]
[EventRounds "8"]
[EventCountry "LTU"]

1. e4 c5 2. Nf3 Nc6 3. d4 cxd4 4. Nxd4 e5 5. Nb5 d6 6. N1c3 a6 7. Na3 b5 8. Nd5
Nge7 9. c4 Nxd5 10. Qxd5 Bd7 11. cxb5 Nd4 12. bxa6 Rc8 13. a7 Bc6 14. Qc4 d5
15. exd5 Bxa3 16. dxc6 Bb4+ 17. Kd1 Nxc6+ 18. Qd3 Qe7 19. Qe4 Qxa7 20. Bb5 Qc5
21. Bxc6+ Rxc6 22. Be3 Qb5 23. a4 Rd6+ 24. Kc1 Qa5 25. Rd1 O-O 26. Rxd6 Bxd6
27. Bd2 Rc8+ 28. Kd1 Qa6 29. Ke1 Rc4 30. Qe2 Qc6 31. f3 Rc2 32. Qb5 Qc8  1/2-1/2

[Event "LTU ch Semifinal 2021"]
[Site "Kaunas"]
[Date "2021.09.24"]
[Round "1"]
[Board "14"]
[White "Povilaitis, Tomas"]
[Black "Kavaliauskas, Tomas"]
[Result "1-0"]
[WhiteElo "1973"]
[BlackElo "1361"]
[PlyCount "77"]
[EventDate "2021.09.24"]
[EventRounds "8"]
[EventCountry "LTU"]

1. e4 c6 2. c4 d5 3. exd5 cxd5 4. cxd5 Qxd5 5. Nc3 Qd8 6. d4 Nf6 7. h3 e6 8.
Nf3 Nc6 9. Bd3 Be7 10. O-O O-O 11. Re1 Nb4 12. Bb1 b6 13. Bf4 Bb7 14. a3 Nbd5
15. Be5 Re8 16. Bc2 a6 17. Qd3 g6 18. Nd2 Bf8 19. Nde4 Bg7 20. Nd6 Re7 21. Nxb7
Rxb7 22. Qf3 Rd7 23. Be4 Nxe4 24. Nxe4 Bxe5 25. dxe5 Kg7 26. Nd6 Qg5 27. Rac1
Qf4 28. Qxf4 Nxf4 29. Rc6 b5 30. Rd1 Nd5 31. Rdc1 f6 32. exf6+ Kxf6 33. Ne4+
Ke5 34. Nc5 Re7 35. Re1+ Kf6 36. Rexe6+ Rxe6 37. Rxe6+ Kf7 38. Rxa6 Re8 39.
Ra7+  1-0

[Event "LTU ch Semifinal 2021"]
[Site "Kaunas"]
[Date "2021.09.24"]
[Round "1"]
[Board "15"]
[White "Zalimas, Ugnius"]
[Black "Simkunaite, Gabija"]
[Result "0-1"]
[WhiteElo "1324"]
[BlackElo "1948"]
[PlyCount "64"]
[EventDate "2021.09.24"]
[EventRounds "8"]
[EventCountry "LTU"]

1. e4 c5 2. Nf3 Nc6 3. d4 cxd4 4. Nxd4 e5 5. Nb5 d6 6. N5a3 Nf6 7. Nc3 Be6 8.
Bg5 Qb6 9. Rb1 Be7 10. h3 Nxe4 11. Be3 Nxc3 12. bxc3 Qa5 13. Nb5 d5 14. Bd2 Qd8
15. Qc1 a6 16. Na3 Qd6 17. Rb3 Na5 18. Nb1 Nxb3 19. cxb3 O-O 20. Bd3 f5 21. O-O
f4 22. Qc2 e4 23. Bxe4 dxe4 24. Qxe4 Bd5 25. Qd4 f3 26. Re1 Bc6 27. Qg4 fxg2
28. Re6 Qd3 29. Re1 Bc5 30. Qe6+ Kh8 31. Be3 Bxe3 32. Qxe3 Rae8  0-1

[Event "LTU ch Semifinal 2021"]
[Site "Kaunas"]
[Date "2021.09.25"]
[Round "2"]
[Board "1"]
[White "Greicius, Pijus"]
[Black "Stremavicius, Pijus"]
[Result "0-1"]
[WhiteElo "2080"]
[BlackElo "2253"]
[PlyCount "60"]
[EventDate "2021.09.24"]
[EventRounds "8"]
[EventCountry "LTU"]

1. d4 d5 2. c4 e6 3. Nc3 Nf6 4. cxd5 exd5 5. Bg5 c6 6. e3 Bd6 7. Bd3 O-O 8. Qc2
h6 9. Bh4 Re8 10. Nge2 a5 11. h3 Na6 12. a3 Nc7 13. O-O Ne6 14. f3 Ng5 15. Bxg5
hxg5 16. e4 c5 17. dxc5 Bxc5+ 18. Kh1 dxe4 19. Nxe4 Nxe4 20. Bxe4 Bd6 21. Rfd1
Qe7 22. Rd5 Be6 23. Rb5 Rac8 24. Qd2 Bc4 25. Rxb7 Qe5 26. g3 Bxe2 27. Rd7 Qxg3
28. Rxd6 Rxe4 29. fxe4 Bf3+ 30. Qg2 Qxg2#  0-1

[Event "LTU ch Semifinal 2021"]
[Site "Kaunas"]
[Date "2021.09.25"]
[Round "2"]
[Board "2"]
[White "Salna, Aleksandras"]
[Black "Pidluznij, Gleb"]
[Result "1-0"]
[WhiteElo "2230"]
[BlackElo "2008"]
[PlyCount "129"]
[EventDate "2021.09.24"]
[EventRounds "8"]
[EventCountry "LTU"]

1. d4 Nf6 2. Nf3 g6 3. Bf4 Bg7 4. e3 O-O 5. Be2 d6 6. h3 Nbd7 7. O-O Qe8 8. Bh2
b6 9. a4 a6 10. c4 e5 11. Nc3 Bb7 12. a5 Ne4 13. Nxe4 Bxe4 14. axb6 cxb6 15.
dxe5 dxe5 16. Qd6 Bxf3 17. Bxf3 e4 18. Bg4 f5 19. Bd1 Qd8 20. Ba4 Nc5 21. Bc6
Ra7 22. Qd5+ Kh8 23. Bd6 Rf6 24. Be5 Qxd5 25. cxd5 Rf8 26. Bg3 Nd3 27. Bb5 Bxb2
28. Rxa6 Rxa6 29. Bxa6 Rd8 30. Bb7 Be5 31. Bh4 Rb8 32. Ba6 b5 33. Rb1 b4 34. f4
Bd6 35. Kf1 Kg7 36. Ke2 Nc5 37. Bc4 Na4 38. Ra1 Nc5 39. Be1 b3 40. Rb1 Kf7 41.
g4 fxg4 42. hxg4 h5 43. g5 h4 44. Kf2 Nd3+ 45. Bxd3 exd3 46. Kf3 b2 47. Bc3 h3
48. Kg3 Ba3 49. Kxh3 Rc8 50. Bxb2 Rb8 51. Rd1 Bxb2 52. Rxd3 Ke7 53. Kg4 Kd6 54.
e4 Rb4 55. Kf3 Rb6 56. Re3 Bg7 57. Ra3 Kc5 58. Ra7 Bb2 59. Rd7 Kd4 60. e5 Rb3+
61. Kg4 Ke4 62. e6 Ba3 63. d6 Kd5 64. e7 Re3 65. Rd8  1-0

[Event "LTU ch Semifinal 2021"]
[Site "Kaunas"]
[Date "2021.09.25"]
[Round "2"]
[Board "3"]
[White "Aleknavicius, Andrius"]
[Black "Indriunas, Matas"]
[Result "0-1"]
[WhiteElo "1989"]
[BlackElo "2205"]
[PlyCount "118"]
[EventDate "2021.09.24"]
[EventRounds "8"]
[EventCountry "LTU"]

1. d4 Nf6 2. Bf4 d5 3. e3 c5 4. c3 Nc6 5. Nd2 Bf5 6. Ngf3 Qb6 7. Nh4 Bd7 8. Qb3
c4 9. Qc2 Nh5 10. Bg3 g6 11. e4 e6 12. Be2 Nxg3 13. hxg3 Bg7 14. O-O O-O 15.
Nhf3 Qc7 16. Rfe1 b5 17. Nh2 dxe4 18. Nxe4 e5 19. d5 Na5 20. g4 f5 21. Ng3 e4
22. Rad1 e3 23. gxf5 exf2+ 24. Kxf2 Bxf5 25. Qd2 Qb6+ 26. Qe3 Qxe3+ 27. Kxe3
Rae8+ 28. Kf2 Bc2+ 29. Bf3 Bxd1 30. Rxd1 Nb7 31. Re1 Rxe1 32. Kxe1 Nd6 33. Ng4
Kf7 34. a3 a5 35. Nf2 Ke7 36. Nfe4 b4 37. axb4 axb4 38. Kd2 bxc3+ 39. Nxc3 Rb8
40. Kc2 Nb5 41. Nge2 Nxc3 42. Nxc3 Bd4 43. Be2 Bxc3 44. Kxc3 Rb3+ 45. Kxc4 Rxb2
46. Bf3 Kd6 47. Kd4 Rb4+ 48. Ke3 Ke5 49. Kf2 Kf4 50. g3+ Ke5 51. Kg2 Rb2+ 52.
Kh3 Rf2 53. Bg2 g5 54. Kh2 g4 55. Kg1 Rxg2+ 56. Kxg2 Kxd5 57. Kf2 Kd4 58. Ke2
Ke4 59. Kf2 Kd3  0-1

[Event "LTU ch Semifinal 2021"]
[Site "Kaunas"]
[Date "2021.09.25"]
[Round "2"]
[Board "4"]
[White "Steponavicius, Stasys"]
[Black "Povilaitis, Tomas"]
[Result "1/2-1/2"]
[WhiteElo "2194"]
[BlackElo "1973"]
[PlyCount "126"]
[EventDate "2021.09.24"]
[EventRounds "8"]
[EventCountry "LTU"]

1. c4 Nf6 2. Nc3 e6 3. Nf3 d5 4. e3 Be7 5. b3 c5 6. d4 cxd4 7. Nxd4 O-O 8. Be2
Bb4 9. Bd2 Qa5 10. Qc1 dxc4 11. Bxc4 Qg5 12. O-O e5 13. Nf3 Qh5 14. Nd5 Nxd5
15. Bxd5 Bd6 16. e4 Nd7 17. Be3 Nf6 18. Bc5 Bxc5 19. Qxc5 Nxd5 20. Qxd5 Bg4 21.
Nxe5 Rfd8 22. Qa5 Re8 23. Nc4 Qxa5 24. Nxa5 b6 25. Nc4 Be2 26. Rfe1 Bxc4 27.
bxc4 Rac8 28. Rac1 Rc5 29. f3 Rec8 30. Red1 g6 31. Rd4 b5 32. Kf2 bxc4 33. Rc3
Rb5 34. Ke3 Rb2 35. Rd2 Rb4 36. Rdc2 Ra4 37. a3 h5 38. Rb2 a5 39. Rb5 Rd8 40.
h4 Rd3+ 41. Rxd3 cxd3 42. Rb3 Rc4 43. Rxd3 Rc2 44. g3 Rg2 45. Kf4 Ra2 46. e5
Kf8 47. g4 hxg4 48. fxg4 Ke7 49. h5 gxh5 50. gxh5 Rh2 51. Kg5 Ke6 52. h6 Kxe5
53. Re3+ Kd5 54. a4 f5 55. Rb3 f4 56. Rb5+ Ke4 57. Rxa5 f3 58. Ra8 Rg2+ 59. Kh5
Rh2+ 60. Kg6 Rg2+ 61. Kh5 Rh2+ 62. Kg6 Rg2+ 63. Kh5 Rh2+  1/2-1/2

[Event "LTU ch Semifinal 2021"]
[Site "Kaunas"]
[Date "2021.09.25"]
[Round "2"]
[Board "5"]
[White "Simkunaite, Gabija"]
[Black "Juknis, Paulius"]
[Result "0-1"]
[WhiteElo "1948"]
[BlackElo "2173"]
[PlyCount "104"]
[EventDate "2021.09.24"]
[EventRounds "8"]
[EventCountry "LTU"]

1. e4 c5 2. c3 Nf6 3. e5 Nd5 4. d4 cxd4 5. cxd4 d6 6. Nf3 Nc6 7. Bc4 Nb6 8. Bb5
Bd7 9. exd6 e6 10. Bg5 f6 11. Bd2 Bxd6 12. O-O O-O 13. Nc3 Nb4 14. Re1 Re8 15.
Qb3 Bxb5 16. Nxb5 N4d5 17. a4 a6 18. Nc3 Qc7 19. Rac1 Qc4 20. Qxc4 Nxc4 21. Ne4
Nxd2 22. Nxd6 Nxf3+ 23. gxf3 Re7 24. Rc5 Kf8 25. Nc8 Rc7 26. Nd6 Re7 27. Nc8
Rd7 28. Rxe6 Nf4 29. Rd6 Rxd6 30. Nxd6 Rd8 31. Nf5 Ne2+ 32. Kg2 Nxd4 33. Nxd4
Rxd4 34. Rc8+ Ke7 35. Rc7+ Rd7 36. Rc4 Ke6 37. Kg3 h5 38. b4 g6 39. Kf4 Rd5 40.
Ke4 f5+ 41. Ke3 Re5+ 42. Kf4 Kf6 43. h4 Rd5 44. Kg3 Ke5 45. Rc7 f4+ 46. Kg2 b5
47. Rc6 Rd6 48. Rc5+ Rd5 49. Rc6 a5 50. axb5 axb4 51. b6 Rb5 52. Rc7 Rxb6  0-1

[Event "LTU ch Semifinal 2021"]
[Site "Kaunas"]
[Date "2021.09.25"]
[Round "2"]
[Board "6"]
[White "Kalvaitis, Sigitas"]
[Black "Raugevicius, Matas"]
[Result "1-0"]
[WhiteElo "2171"]
[BlackElo "1398"]
[PlyCount "91"]
[EventDate "2021.09.24"]
[EventRounds "8"]
[EventCountry "LTU"]

1. e4 e5 2. Nf3 Nf6 3. Nxe5 d6 4. Nf3 Nxe4 5. Nc3 Nxc3 6. dxc3 Be7 7. Be3 Nc6
8. Qd2 Be6 9. O-O-O Qd7 10. Kb1 O-O-O 11. Bb5 a6 12. Be2 Ne5 13. Nd4 Nc4 14.
Bxc4 Bxc4 15. Rhe1 Bf6 16. Bg5 Bxg5 17. Qxg5 Be6 18. f4 g6 19. Re3 Rde8 20.
Rde1 Qe7 21. Nxe6 fxe6 22. Qxe7 Rxe7 23. Rxe6 Rxe6 24. Rxe6 Rf8 25. g3 Kd7 26.
Re1 Rf5 27. Kc1 Rd5 28. c4 Rh5 29. Re2 b5 30. cxb5 axb5 31. a3 c5 32. Kd2 Rd5+
33. Ke1 Rd4 34. Kf2 b4 35. axb4 Rxb4 36. c3 Ra4 37. Kf3 d5 38. g4 d4 39. cxd4
Rxd4 40. f5 h5 41. fxg6 hxg4+ 42. Kg3 Rd6 43. Rd2 Rxd2 44. g7 Rxb2 45. g8=Q Rb4
46. Qd5+  1-0

[Event "LTU ch Semifinal 2021"]
[Site "Kaunas"]
[Date "2021.09.25"]
[Round "2"]
[Board "7"]
[White "Praspaliauskas, Matas"]
[Black "Eigminas, Kipras"]
[Result "0-1"]
[WhiteElo "1313"]
[BlackElo "2140"]
[PlyCount "58"]
[EventDate "2021.09.24"]
[EventRounds "8"]
[EventCountry "LTU"]

1. e4 c5 2. Nf3 d6 3. d4 cxd4 4. Nxd4 Nf6 5. Nc3 g6 6. g3 Nc6 7. Bg2 Nxd4 8.
Qxd4 Bg7 9. O-O O-O 10. Qd3 Re8 11. Re1 Nd7 12. Bf4 Ne5 13. Bxe5 Bxe5 14. f4
Bg7 15. Rab1 Rb8 16. b3 b5 17. Kh1 b4 18. Nd5 Qa5 19. Qd2 Be6 20. a4 Kf8 21.
Bf1 Qc5 22. Bc4 Bg4 23. Kg2 Bd7 24. Qe3 Bd4 25. Qd3 Rec8 26. a5 e6 27. Ne3 d5
28. exd5 exd5 29. Bxd5 Re8  0-1

[Event "LTU ch Semifinal 2021"]
[Site "Kaunas"]
[Date "2021.09.25"]
[Round "2"]
[Board "8"]
[White "Vedrickas, Tautvydas"]
[Black "Bosikis, Titas"]
[Result "1-0"]
[WhiteElo "2359"]
[BlackElo "1373"]
[PlyCount "77"]
[EventDate "2021.09.24"]
[EventRounds "8"]
[EventCountry "LTU"]

1. d4 d5 2. c4 e6 3. Nc3 Nf6 4. cxd5 exd5 5. Bg5 c6 6. e3 Bf5 7. Qf3 Bg6 8.
Bxf6 Qxf6 9. Qxf6 gxf6 10. Nge2 Bd6 11. Nc1 Nd7 12. Nd3 O-O-O 13. Be2 h5 14. h4
Bf5 15. Kd2 Nb6 16. b3 Rdg8 17. g3 Be4 18. Rhc1 Kd8 19. Nxe4 dxe4 20. Nc5 Bxc5
21. Rxc5 Ke7 22. Rxh5 Rxh5 23. Bxh5 Nd5 24. Be2 f5 25. Rc1 Rd8 26. a3 Rh8 27.
b4 a6 28. Bc4 Nf6 29. Be2 Nd5 30. Bd1 Nb6 31. Bb3 Rd8 32. Ke2 Kf6 33. a4 Nd7
34. Kf1 Kg6 35. Kg2 Rh8 36. b5 axb5 37. axb5 cxb5 38. Rc7 Rd8 39. Rxb7  1-0

[Event "LTU ch Semifinal 2021"]
[Site "Kaunas"]
[Date "2021.09.25"]
[Round "2"]
[Board "9"]
[White "Narmontas, Raimondas"]
[Black "Bagdanskis, Dangis"]
[Result "1/2-1/2"]
[WhiteElo "1983"]
[BlackElo "1893"]
[PlyCount "36"]
[EventDate "2021.09.24"]
[EventRounds "8"]
[EventCountry "LTU"]

1. e4 e5 2. Bc4 Bc5 3. b4 Bd6 4. Nf3 Nf6 5. O-O O-O 6. d3 Qe7 7. c3 c6 8. Bg5
h6 9. Bh4 Bc7 10. a4 d6 11. h3 Be6 12. Nbd2 Nbd7 13. Re1 Rfe8 14. Bb3 Bxb3 15.
Qxb3 g5 16. Bg3 Nh5 17. Nf1 Nf8 18. Ne3 Qe6  1/2-1/2

[Event "LTU ch Semifinal 2021"]
[Site "Kaunas"]
[Date "2021.09.25"]
[Round "2"]
[Board "10"]
[White "Grybas, Gintaras"]
[Black "Misiuk, Martynas"]
[Result "1-0"]
[WhiteElo "2007"]
[BlackElo "1657"]
[PlyCount "109"]
[EventDate "2021.09.24"]
[EventRounds "8"]
[EventCountry "LTU"]

1. d4 Nf6 2. c4 g6 3. Nc3 d5 4. Bg5 Bg7 5. Bxf6 Bxf6 6. cxd5 c6 7. Qb3 Bxd4 8.
O-O-O Qb6 9. e3 Qxb3 10. axb3 Bg7 11. Nf3 O-O 12. Nd4 Bd7 13. Bc4 Rc8 14. Kb1
b5 15. dxc6 bxc4 16. cxd7 Nxd7 17. Ne6 Nc5 18. Nxg7 cxb3 19. Nh5 gxh5 20. Rd5
a5 21. Rg5+ Kh8 22. Rxh5 a4 23. Rd1 f6 24. Rdd5 Ne6 25. Ra5 Ng5 26. Rxa8 Rxa8
27. h4 Nf7 28. Rd5 Ne5 29. Rd4 a3 30. bxa3 Rxa3 31. Kb2 Ra7 32. Kxb3 Kg7 33.
Kc2 Rc7 34. Ra4 Kf7 35. Rd4 h5 36. e4 Rc8 37. g3 Rc7 38. f4 Nd7 39. Kd2 e5 40.
Rd5 Nb6 41. Rb5 Nc4+ 42. Kd3 Nd6 43. Rd5 Rxc3+ 44. Kxc3 Nxe4+ 45. Kd3 Nxg3 46.
fxe5 Nf5 47. Ke4 Nxh4 48. Rd7+ Ke8 49. e6 Ng6 50. Kf5 Ne7+ 51. Kxf6 Ng8+ 52.
Kg5 Kf8 53. Ra7 Ne7 54. Kxh5 Ke8 55. Ra8+  1-0